000 00722nam a2200193 i 4500
001 87134
003 ES-MaACL
005 20230906175612.0
007 t|
008 041220s1980 sp ||||1| spa d
100 1 _aHoecke, Hans Ulrich.
_963913
245 1 0 _aBiología básica para médicos y biólogos /
_cHans Ulrich Koecke ; prólogo por Ricardo Guerrero ; edición revisada por César Urtubia Vicario ; [traducción Juan Colom i Bragulat].
260 _aBarcelona :
_bMédica y Técnica,
_c[1980]
300 _aXVI, 494 p. :
_bil. ;
_c21 cm.
700 1 _aGuerrero, Ricardo.
_960567
700 1 _aUrtubia Vicario, César.
_9112268
700 0 _aColom Bragulat, Juan.
_939794
852 _aES-MaACL
_jL-3430
_bR.104330
999 _c87134
_d87134